Pipe line rules of thumb handbook : quick and accurate solutions to your everyday pipe line problems /

Guardado en:
Otros Autores: McAllister, E. W., (Editor , ed.)
Formato: Libro
Idioma:English
Publicado: Houston, Tex. : Gulf Pub. Co., c1998.
Edición:4th ed.
Materias:
Etiquetas: Agregar Etiqueta
Sin Etiquetas, Sea el primero en etiquetar este registro!
LEADER 00821pam a22002175a 4500
001 EIQ.libpla001764
008 970613s1998####txua#####bf###001#0#eng#d
005 20061220194145.0
245 0 0 |a Pipe line rules of thumb handbook :  |b quick and accurate solutions to your everyday pipe line problems /  |c E.W. McAllister, editor. 
250 |a 4th ed. 
260 |a Houston, Tex. :  |b Gulf Pub. Co.,  |c c1998. 
300 |a xii, 602 p. :  |b il. ;  |c 28 cm. 
504 |a Incluye referencias bibliográficas e índice. 
020 |a 0884156710 (alk. paper) 
700 1 |a McAllister, E. W.,  |e ed.  |4 edt 
082 0 0 |a 621.8/672  |2 21 
650 0 |a Tuberías  |x Handbooks, manuales, etc. 
650 0 |a Pipelines  |x Handbooks, manuals, etc. 
010 |a  97022465  
040 |a DLC  |c DLC  |d AR-BbSID 
859 |a AR-BbSID  |b BIB. PLAPIQUI  |h 621.867 2  |i P 66  |k R  |p 4856